000 00597nam a2200229Ia 4500
003 OSt
005 20220924151506.0
006 a|||||r|||| 00| 0
007 ta
008 220923b |||||||| |||| 00| 0 ara d
024 _a337954
037 _cTextual
040 _aARTS
_cARTS
_bara
041 _2ara
_aara
082 _aO28,1NTAx, P6
100 _aTareen Haneef Shah Khan Au.
_9224362
245 0 _aBaiedan aniul watan
260 _c2006
650 _aARABIC POETRY
942 _hO28,1NTAx, P6
_cTEXL
_2CC
999 _c466769
_d466769